History Quiz

Random History Quiz
Score 0/12 Timer 02:00
0 Plays Today
% Correct
December
80.5%
July
68.3%
September
58.5%
January
52.4%
August
51.2%
March
45.7%
November
45.1%
October
44.5%
February
42.7%
May
35.4%
June
28%
April
27.4%
Remove Ads.
Support Sporcle.
Get the best of Sporcle when you Go Orange. This ad-free experience offers more features, more stats, and more fun while also helping to support Sporcle. Thank you for becoming a member.

You're not logged in!

Compare scores with friends on all Sporcle quizzes.
OR
Log In

Show Comments

Extras

Top Quizzes Today


Score Distribution

Your Account Isn't Verified!

In order to create a playlist on Sporcle, you need to verify the email address you used during registration. Go to your Sporcle Settings to finish the process.

Report this User

Report this user for behavior that violates our Community Guidelines.

Details: